| 000 | 01147cam a2200325 a 4500 | ||
|---|---|---|---|
| 001 | 16429956 | ||
| 003 | OSt | ||
| 005 | 20140310182434.0 | ||
| 008 | 100823s2009 njua 001 0 eng | ||
| 010 | _a 2010483710 | ||
| 020 | _a9780470394953 | ||
| 040 |
_aDLC _cDLC _dDLC |
||
| 050 | 0 | 0 |
_aQP 34.5 _b.T712 2009 |
| 100 | 1 |
_aTortora, Gerard J. _97519 |
|
| 245 | 1 | 0 |
_aPrinciples of anatomy and physiology / _cGerard J. Tortora, Bryan Derrickson. |
| 250 | _a12th ed. | ||
| 260 |
_aHoboken, NJ : _bJohn Wiley & Sons, _cc2009. |
||
| 300 |
_a688 p. (various pagings) : _bill. (chiefly col.) ; _c28 cm. |
||
| 500 | _aIncludes index. | ||
| 541 | _j1 | ||
| 562 | _e1 | ||
| 650 | 0 |
_aHuman physiology. _97520 |
|
| 650 | 0 |
_aHuman anatomy. _92588 |
|
| 700 | 1 |
_aDerrickson, Bryan. _97521 |
|
| 856 | 4 | 2 |
_3Publisher description _uhttp://www.loc.gov/catdir/enhancements/fy1013/2010483710-d.html |
| 856 | 4 | 1 |
_3Table of contents only _uhttp://www.loc.gov/catdir/enhancements/fy1013/2010483710-t.html |
| 906 |
_a7 _bcbc _corigcop _d2 _eocip _f20 _gy-gencatlg |
||
| 942 |
_2lcc _cSSLC |
||
| 999 |
_c13414 _d13414 |
||